Optimalizácia procesov a počtu zamestnancov metódou simulácie
Metodika kapacitného plánovania. Použitie simulácie. Obmedzenia simulácie. Vstupné parametre systému. Modelovanie zložitej reality. Presnosť dát. Výstupy simulácie. Rovnováha parametrov vstupujúcich do simulácie a výsledkov simulácie.
Na minha lista:
| Autor principal: | |
|---|---|
| Formato: | Capítulo de Livro |
| Idioma: | eslovaco |
| Assuntos: | |
| Tags: |
Sem tags, seja o primeiro a adicionar uma tag!
|
MARC
| LEADER | 00000naa$a2200000$$$4500 | ||
|---|---|---|---|
| 001 | 0067834 | ||
| 005 | 20231012070913.9 | ||
| 041 | 0 | |a slo | |
| 044 | |a SK | ||
| 245 | 1 | 0 | |a Optimalizácia procesov a počtu zamestnancov metódou simulácie |c Marta Krajčíová |
| 520 | |a Metodika kapacitného plánovania. Použitie simulácie. Obmedzenia simulácie. Vstupné parametre systému. Modelovanie zložitej reality. Presnosť dát. Výstupy simulácie. Rovnováha parametrov vstupujúcich do simulácie a výsledkov simulácie. | ||
| 610 | 2 | 0 | |a zamestnanci |
| 610 | 2 | 0 | |a optimalizácia |
| 610 | 2 | 0 | |a metódy simulačné |
| 610 | 2 | 0 | |a modelovanie |
| 100 | 1 | |a Krajčíová, Marta | |